| 000 | 00462nam a2200169 a 4500 | ||
|---|---|---|---|
| 001 | 2041 | ||
| 003 | CDMR | ||
| 005 | 20130320135905.0 | ||
| 008 | 130130s1983||||||||||||||||||||||||||||d | ||
| 020 | _a8432073210 | ||
| 040 |
_aCDMR _bcat _cCPC GIRONA |
||
| 100 | 1 |
_aSinova, Justino _91430 |
|
| 245 | 1 | 3 |
_aLa gran mentira _b: el tinglado de la televisión al descubierto _cJustino Sinova |
| 260 |
_c1983 _bPlaneta _aBarcelona |
||
| 490 | 0 |
_aTablero _v11 |
|
| 942 |
_cMON _2udc |
||
| 999 |
_c2041 _d2041 |
||